Little red in the hood

Bibliographic Details
Main Author: Goei, Glen
Other Authors: Drewscape
Format: Book
Published: Singapore : Epigram Books , 2014
Series:A Singaporean fairy tale
Subjects:

MARC

LEADER 00000cam a2200000 7i4500
001 0000201145
005 20160212.0
020 |a 9789810732233 
090 0 0 |a JF   |b GOE 
100 1 |a Goei, Glen 
245 1 0 |a Little red in the hood   |c Glen Goei ; illustrated by Drewscape 
260 |a Singapore :   |b Epigram Books ,   |c 2014 
300 |a 1 v. (unpaged) :   |b ill. ;   |c 21cm. 
490 0 |a A Singaporean fairy tale 
650 0 |a Children's stories 
700 0 |a Drewscape 
999 |a 00316399   |b BUKU   |c PINJAMAN   |e PERPUSTAKAAN KOMUNITI PETALING JAYA 
999 |a 00316400   |b BUKU   |c PINJAMAN   |e PERPUSTAKAAN KOMUNITI PETALING JAYA 
999 |a 00316401   |b BUKU   |c PINJAMAN   |e PERPUSTAKAAN KOMUNITI CAW KOTA DAMANSARA 
999 |a 00338824   |b BUKU   |c PINJAMAN   |e PERPUSTAKAAN KOMUNITI PETALING JAYA